| 000 | 00454nam a2200181Ia 4500 | ||
|---|---|---|---|
| 008 | 230524s9999 xx 000 0 und d | ||
| 020 | _a9788131501498 | ||
| 082 |
_a621.382 _bCHE |
||
| 100 |
_aJames P.Clements _932055 |
||
| 245 | 0 | _aEffective Project Management | |
| 250 | _aIST | ||
| 260 |
_aNEW DELHI _bCengage _c2009 |
||
| 300 | _aVIII;371 | ||
| 500 | _aQuantity Number: 1 | ||
| 650 | _aManagement | ||
| 700 |
_a Jack Gido _932056 |
||
| 942 | _cBK | ||
| 999 |
_c45428 _d45428 |
||